|
|
|
|
| LEADER |
01018cam a2200253 a 4500 |
| 001 |
0000063483 |
| 005 |
20030620090000.0 |
| 040 |
|
|
|a mod
|
| 041 |
|
|
|a eng
|
| 020 |
0 |
0 |
|a 033520550X
|
| 090 |
0 |
0 |
|a 378.240941
|b PHI
|e 2001
|
| 100 |
1 |
0 |
|a Philips
|h Estelle
|
| 245 |
1 |
0 |
|a How to get a PhD
|b a handbook for students and their supervisors
|c Estelle M. Phillips and Derek S. Pugh
|
| 250 |
0 |
0 |
|a 3rd ed.
|
| 260 |
0 |
0 |
|a Buckingham
|b Open University Press
|c 2001
|
| 300 |
0 |
0 |
|a xvi, 235 p.
|c 22 cm
|
| 500 |
0 |
0 |
|a Includes bibliographical references (p. [220]-222) and index
|
| 650 |
0 |
0 |
|a Universities and colleges
|z Great Britain
|x Graduate work
|
| 650 |
0 |
0 |
|a Doctor of philosophy degree
|z Great Britain
|
| 700 |
1 |
1 |
|a Pugh
|h Derek Salman
|
| 852 |
0 |
0 |
|a 01
|
| 999 |
|
|
|a 0208910
|b KEMENTAH
|d BOOKS
|e Rujukan
|f Perpustakaan KEMENTAH
|j AVAILABLE
|q GOOD CONDITION
|
| 999 |
|
|
|a 0212496
|b KEMENTAH
|d BOOKS
|e Umum
|f Perpustakaan KEMENTAH
|j AVAILABLE
|q GOOD CONDITION
|
| 999 |
|
|
|a 1000008639
|b Maktab Pertahanan Angkatan Tentera
|d BOOKS
|e Umum
|f MPAT
|j AVAILABLE
|q GOOD CONDITION
|